Medieval literaty theory and criticism, 1100-1375 : the commentary-tradition /

Guardado en:
Autor Principal: Minnis, A. J., Ed.
Otros Autores: Scott, A. B., Ed.
Formato: Libro
Publicado: Oxford : Clarendon Press, 2000
Edición:reimpr.
Materias:
Etiquetas: Agregar Etiqueta
Sin Etiquetas, Sea el primero en etiquetar este registro!
LEADER 00676nam a22002055a 4500
001 EHU.bham024451
003 AR-BHAM
005 20130507144257.0
008 130507s2000##################000#0#####d
082 8 0 |a 809.02 
100 1 |a Minnis, A. J., Ed. 
245 1 0 |a Medieval literaty theory and criticism, 1100-1375 :  |b the commentary-tradition /  |c A. J., Ed. Minnis , A. B., Ed. Scott , 
250 |a reimpr. 
260 |a Oxford :  |b Clarendon Press,  |c 2000 
300 |a 544 p. 
500 |a With The Assistance Of David Wallace 
653 |a Literatura medioeval 
653 |a Literatura 
700 1 |a Scott, A. B., Ed. 
859 |a AR-BHAM  |b BIB. HUMANIDADES - General  |h 809.02  |i M666  |p 194.02  |t Ej.1